000 00711nam a2200253Ia 4500
003 OSt
005 20221002051459.0
006 a|||||r|||| 00| 0
007 ta
008 220930b |||||||| |||| 00| 0 eng d
024 _a28653
037 _cReference Collections
040 _aCRL
_cCRL
_beng
041 _2eng
_aeng
082 _aGk, M3(RR)
100 _aMedawar P B
245 0 _aAristotle to zoos
_b A philosophical dictionary of biology
260 _aCambridge
_bHarvard University
_c1983
300 _a305p
_ccm.
650 _aBIOLOGY
700 _a Medawar J S
_92685
942 _hGk, M3(RR)
_cref
_2CC
999 _c916960
_d916960